Egregiously Drawn Flags #1 - Statistics

General Stats
  • This quiz has been taken 120 times
  • The average score is 8 of 9
Answer Stats
Picture Answer % Correct
United States
100%
Brazil
98%
Canada
98%
India
98%
Greece
94%
Nicaragua
83%
Kiribati
82%
Maldives
76%
South Sudan
75%
No matching quizzes found
Score Distribution
Percent of People with Each Score
Percentile by Number Answered
Your Score History
You have not taken this quiz